000 00490nam a2200181Ia 4500
005 20250508151112.0
008 008 250505s9999 xx 000 0 eng d
037 _aTextual
040 _aFEDL
_beng
_cFEDL
041 _aeng
_2eng
084 _a770, CAT
_qFEDL
100 _aCatling Gordon
_9758425
245 0 _aGroup photgraphy: A fotojob book
260 _aLondon, UK
_bThe Focal Press
_c1948
300 _a112p.
942 _cTEXL
_h770, CAT
999 _c1327584
_d1327584